Top 10 państw w produkcji wina na osobę - Statystyki

Ogólne statystyki
  • Ten quiz został rozwiązany 6 681 razy
  • Średni wynik to 6 z 10
Statystyki odpowiedzi
kg na osobę Państwo % Poprawnych
64.7 Francja
96%
78.9 Włochy
96%
99.1 Hiszpania
92%
58.0 Portugalia
84%
30.7 Grecja
73%
35.1 Argentyna
43%
68.4 Chile
39%
50.5 Australia
35%
42.1 Mołdawia
30%
71.0 Nowa Zelandia
24%
Nie znaleziono quizów pasujących do podanych kryteriów
Rozkład punktacji
Procent ludzi z każdym wynikiem
Percentyl według liczby udzielonych odpowiedzi
Twoja historia wyników
Nie rozwiązałeś tego quizu